| 000 | 00607 a2200229 4500 | ||
|---|---|---|---|
| 003 | Nust | ||
| 005 | 20170207154113.0 | ||
| 020 | _a0-19-864109-5 | ||
| 035 | _a(Mo)b1002497 | ||
| 040 | _cNust | ||
| 082 | 0 | 4 | _a494.35 |
| 245 | 0 | 4 |
_aThe concise Oxford Turkish dictionary / _ced. by A.D. Alderson and Fahir Iz |
| 260 |
_aLondon, _c1959, pr. 1975 |
||
| 300 | _a807 s. | ||
| 538 | _aAmirah No.55, Shelf No.6 | ||
| 650 | 2 | _aDictionaries: English | |
| 650 | 2 | _aDictionaries: English | |
| 650 | 2 | _aDictionaries: Turkish | |
| 655 | 4 | _aBok | |
| 700 | 1 |
_aAlderson, Anthony Dolphin _4edt |
|
| 700 | 1 |
_aIz, Fahir _4edt |
|
| 942 |
_2ddc _cBK |
||
| 999 |
_c193940 _d193940 |
||